Регионална библиотека "Любен Каравелов" - Русе

Необикновено момиче (Запис номер 17251)

MARC детайли
000 -Лидер
Контролно поле с фиксирана дължина 01280nam a2200361 c 4500
003 - Код на организацията, давaща контролен номер
Контролно поле BLK
005 - Дата и час на последна редакция
Контролно поле 20250308104543.0
008 - Елементи от данни с фиксирана дължина
fixed length control field 180413b bul|||||r ||||||| ||bul||
010 ## - Наследен системен номер
LC control number KNG00019189000
020 ## - Международен стандартен номер на книга ISBN
Международен стандартен номер на книга ISBN 978-954-92533-2-0
040 ## - Източник на каталожния запис
Идентификатор на билиотеката - собственик на записа BLK
041 ## - Код за език
Код за езика на текст/звукозапис или на отделно заглавие Български
Код за езика КДБФ Български
072 #7 - Код за тематичната категория
Код организация bullib
Код за тематична категория Н85
Текст Детска художествена литература Н
080 ## - УДК
Текстов определител УДК Английска литература
УДК код - определител по УДК 821.111
УДК определител -93-91
УДК - код + определител 821.111-93-91
139 ## - Редно поле
Редна дума Елиът, Рейчъл
Авторски знак Елин Пелин - Е 53
245 10 - Сведения за заглавието
Заглавие Необикновено момиче
Редно поле (дума) адапт. Рейчъл Елиът; прев. от англ. Николина Петрова.
257 ## - Страна на издаване
Страна на създаване/издаване Великобритания
260 ## - Област на издателските данни
Име на издателя, разпространителя и проч. Студио Арт Лайн
Година на издаване 2010
300 ## - Физическа характеристика
Страници 122 с.
Размери/Мащаб 17 см
380 ## - Жанр
Жанр Детска худож. лит.
490 1# - СЕРИИ (Колекции)
Име на серия H2O : Just add water
№: серия кн. 1
500 ## - Общи забележки
Забележка Ориг. загл.: No ordinary girl / Rachel Elliot.
659 ## - Тематичен бюлетин
Тематичен бюлетин Н
700 1# - Други автори (авторска отговорност)
Лично име Елиът, Рейчъл
Автороска отговорност (Описва отношението между автора и произведението) адапт.
9 (RLIN) 261832
700 ## - Други автори (авторска отговорност)
Лично име Петрова, Николина
Друга информация Прев. от англ.
9 (RLIN) 261833
852 ## - Местоположение
Форматна сигнатура Цб І 34038
856 4# - Електронен адрес и достъп
Електронен формат pdf - файл
Път до файла /url/
856 4# - Електронен адрес и достъп
Електронен формат pdf - файл
Път до файла /url/
999 ## - СИСТЕМНИ КОНТРОЛНИ НОМЕРА
Koha biblionumber 17251
Koha biblioitemnumber 17251
942 ## - АРТИКУЛИ
Вид на библиотечния материал Книги
Скрит в OPAC Не
Koha issues (borrowed), all copies 3
944 ## - СЪЗДАВАНЕ И РЕДАКЦИЯ на ЗАПИСА
Създаване/Редакция Създаване
Дата на регистрацията/редакция 21.03.2011
Служител, извършил регистрацията/редакцията 30542
Статус, дата на статуса Русанова Ирена
944 ## - СЪЗДАВАНЕ И РЕДАКЦИЯ на ЗАПИСА
Създаване/Редакция Редакция
Дата на регистрацията/редакция 04.08.2011
999 ## - СИСТЕМНИ КОНТРОЛНИ НОМЕРА
Koha biblioitemnumber 17251
Наличности
Код за отписване Код за изгубен артикул Код за повреда Коз за рестрикции Код за отдаване Артикулен № Име на библиотеката - собственик Име на библиотеката, в която се намира в момента Статус (Текущо местоположение) Дата на вписване в системата Местоположение - отдел Цена в лева Инвентарен номер Систематично азбучна сигнатура Баркод Номер на екземпляра Цена в евро Служебна бележка Служебен тип на артикула Източник на класификационната схема
  Не е изгубен Не е повреден без рестрикции ползва се в читалня 29123 Регионална библиотека "Любен Каравелов" Русе Регионална библиотека "Любен Каравелов" Русе Хранилище 2011-03-21 Хранилище 4.90 120000749901 Цб І 34038 120000749901 1 2.51 Дост: Dp Вид: Д N: 27 Дата: 07.07.2010 Книги  
  Не е изгубен Не е повреден без рестрикции заемане за дома 730161 Регионална библиотека "Любен Каравелов" Русе Регионална библиотека "Любен Каравелов" Русе Детски отдел 2019-07-12 Детски отдел 4.90   ДХ 820/899/Е 53 120000833296   2.51   Книги Universal Decimal Classification
Vip Innovations Ltd, Rousse, Bulgaria 2025